[Event "Bogota rapid op"]
[Site "Bogota"]
[Date "2024.09.01"]
[Round "1"]
[White "Garcia Mendez, Engels Vladimir"]
[Black "Gutierrez Caicedo, Nelson David"]
[Result "1-0"]
[WhiteElo "2074"]
[BlackElo "1614"]
[PlyCount "101"]
[EventDate "2024.09.01"]
[EventType "swiss (rapid)"]
[EventRounds "7"]
[EventCountry "COL"]
[SourceTitle "EXT 2025"]
[Source "ChessBase"]
[SourceDate "2024.10.14"]
[SourceVersion "1"]
[SourceVersionDate "2024.10.14"]
[SourceQuality "1"]

1. Nc3 c5 2. Nf3 a6 3. e4 e6 4. d4 cxd4 5. Nxd4 Qc7 6. Bd3 b5 7. 0-0 Nf6 8. Re1 Bd6 9. h3 Bb7 10. Bxb5 axb5 11. Ndxb5 Qc6 12. Qxd6 Na6 13. a4 Rc8 14. Bf4 Qc5 15. Qxc5 Rxc5 16. Nd6+ Ke7 17. Nxb7 Rc4 18. Bd6+ Ke8 19. Be5 Ke7 20. Bd6+ Ke8 21. a5 h5 22. Ra4 Rc6 23. e5 Nd5 24. Nxd5 exd5 25. c3 Rh6 26. Rd4 g5 27. Rxd5 g4 28. hxg4 hxg4 29. Rd4 Rg6 30. Ree4 g3 31. Rh4 gxf2+ 32. Kxf2 f6 33. Rh8+ Kf7 34. Nd8+ Kg7 35. Rdh4 Rg5 36. exf6+ Kxf6 37. Nxc6 dxc6 38. R8h6+ Kf7 39. R6h5 Rg6 40. Rh7+ Kf6 41. R4h6 Rxh6 42. Rxh6+ Kg7 43. Re6 Kf7 44. Re4 c5 45. Kf3 Kf6 46. Kf4 Kf7 47. Kf5 Kg7 48. Re7+ Kg8 49. Kg6 Kf8 50. Re6+ Kg8 51. Re8# 1-0

[Event "Bogota rapid op"]
[Site "Bogota"]
[Date "2024.09.01"]
[Round "5"]
[White "Guerrero, Javier Eduardo"]
[Black "Gutierrez Caicedo, Nelson David"]
[Result "1-0"]
[WhiteElo "2089"]
[BlackElo "1614"]
[PlyCount "41"]
[EventDate "2024.09.01"]
[EventType "swiss (rapid)"]
[EventRounds "7"]
[EventCountry "COL"]
[SourceTitle "EXT 2025"]
[Source "ChessBase"]
[SourceDate "2024.10.14"]
[SourceVersion "1"]
[SourceVersionDate "2024.10.14"]
[SourceQuality "1"]

1. e4 c5 2. d4 cxd4 3. c3 dxc3 4. Nxc3 a6 5. Bc4 Nc6 6. Nf3 e6 7. 0-0 Qc7 8. Qe2 h5 9. Bg5 b5 10. Bb3 Bb7 11. Rac1 Be7 12. Nd5 exd5 13. exd5 f6 14. dxc6 Bxc6 15. Bd2 Nh6 16. Rfe1 Qd8 17. Ba5 Nf5 18. Bxd8 Rxd8 19. Bc2 g6 20. Bxf5 gxf5 21. Qxe7# 1-0